[Event "HCL-B3298"]
[Site "www.playchess.de"]
[Date "2006.02.06"]
[Round "10"]
[White "ManRook"]
[Black "peondedama"]
[WhiteElo "1685"]
[BlackElo "1297"]
[PlyCount "152"]
[Result "0-1"]

1.e4 e5 2.Nf3 Nc6 3.Nc3 Nf6 4.Bc4 h6 5.a3 Bc5 6.h3 
d6 7.b4 Bb6 8.d3 a6 9.Bb2 Nh7 10.Nd5 Ba7 11.c3 Ne7 
12.d4 c6 13.Ne3 exd4 14.cxd4 d5 15.exd5 cxd5 
16.Bb3 Be6 17.O-O O-O 18.Bc2 f5 19.Qd3 Qd6 20.Nh4 
Qf4 21.g3 Qg5 22.Bc1 Qh5 23.Neg2 Nf6 24.Nf4 Qf7 
25.Nxe6 Qxe6 26.Nf3 Ne4 27.Re1 Rac8 28.Bb3 Rc3 
29.Qd1 Rfc8 30.Bb2 R3c7 31.Nd2 Qg6 32.Nxe4 fxe4 
33.Qd2 Qh5 34.h4 Rf8 35.Bd1 Qg6 36.Kh2 Nf5 37.h5 
Qf6 38.Bb3 Rd7 39.Rac1 Bxd4 40.Bxd4 Nxd4 41.Bd1 
Nf3+ 42.Bxf3 Qxf3 43.Re2 Qxh5+ 44.Kg2 Qf3+ 45.Kh3 
Qxa3 46.Re3 Qa4 47.Rc5 Qa1 48.Re1 Qe5 49.Rd1 Qh5+ 
50.Kg2 Qf3+ 51.Kg1 Kh8 52.Rf1 Qb3 53.Re1 Rfd8 
54.Rcc1 d4 55.Rxe4 b6 56.Rce1 a5 57.bxa5 bxa5 
58.Qxa5 d3 59.R4e8+ Rxe8 60.Rxe8+ Qg8 61.Rxg8+ 
Kxg8 62.Qd2 Kf8 {(offering draw)}  63.f4 Ke8 
64.Kf2 Kf7 65.Ke1 Kf8 {(offering draw)}  66.Kd1 
Ke8 {(offering draw)}  67.g4 Kf7 68.Qa2+ Ke7 
69.Kd2 Kf8 70.Qa8+ Kf7 71.Qe4 Kf8 72.Qf5+ Ke8 
73.Qg6+ Kf8 {(offering draw)}  74.Qf5+ Ke8 75.Qg6+ 
Kd8 76.f5 Kc7 0-1

[Event "HCL-C4027"]
[Site "www.playchess.de"]
[Date "2006.02.06"]
[Round "2"]
[White "Grunert"]
[Black "Farquhart"]
[WhiteElo "909"]
[BlackElo "420"]
[PlyCount "53"]
[Result "1-0"]

1.d4 d5 2.e3 Nc6 3.Nf3 e6 4.g3 Nf6 5.h3 h5 6.Bg2 
Bb4+ 7.Bd2 Ne4 8.Bxb4 Nxb4 9.a3 Nc6 10.Ne5 Rh6 
11.Bxe4 dxe4 12.Nxc6 bxc6 13.O-O e5 14.dxe5 Bxh3 
15.Qxd8+ Rxd8 16.Re1 h4 17.gxh4 Rxh4 18.Nc3 Rg4+ 
19.Kh1 Rg2 20.Nxe4 Rg4 21.Nc3 Rd2 22.Kh2 Rxf2+ 
23.Kxh3 f5 24.Reg1 Rf3+ 25.Kh2 g5 26.Rxg4 fxg4 
27.Ne4 1-0

[Event "HCL-C4080"]
[Site "www.playchess.de"]
[Date "2006.02.06"]
[Round "4"]
[White "german273"]
[Black "taffareltaskinovic"]
[WhiteElo "800"]
[BlackElo "800"]
[PlyCount "60"]
[Result "0-1"]

1.e3 e5 2.Nf3 d6 3.Nc3 g6 4.h3 Bg7 5.Nb5 c6 6.Na3 
e4 7.Nd4 c5 8.Ndb5 a6 9.Nc3 b5 10.Nxe4 f5 11.Ng3 
h5 12.h4 Nh6 13.Qf3 Ra7 14.c3 Bb7 15.Qf4 Be5 
16.Qg5 b4 17.Nc4 Qd7 18.Qxg6+ Nf7 19.Nxf5 Be4 
20.Qg7 Bxg7 21.Nxg7+ Kf8 22.f3 Ne5 23.Nxe5 Qxg7 
24.d4 Qg3+ 25.Ke2 dxe5 26.fxe4 Rf7 27.Rh3 Qf2+ 
28.Kd1 Qxf1+ 29.Kc2 c4 30.Rf3 Qd3+ 0-1

[Event "HCL-A2590"]
[Site "www.playchess.de"]
[Date "2006.02.06"]
[Round "12"]
[White "lunchpail"]
[Black "PhilipKaveny"]
[WhiteElo "1396"]
[BlackElo "1396"]
[PlyCount "37"]
[Result "1-0"]

1.d4 g6 2.e4 d6 3.f4 Bg7 4.Nf3 Nd7 5.c3 c5 6.e5 
cxd4 7.cxd4 dxe5 8.dxe5 e6 9.Nc3 a6 10.Be2 Ne7 
11.O-O Nf5 12.Ne4 Qb6+ 13.Kh1 Ne3 14.Bxe3 Qxe3 
15.Nd6+ Ke7 16.Ng5 h6 17.Nc4 Qc5 18.Ne4 Qb4 
19.a3 1-0

[Event "HCL-A2564"]
[Site "www.playchess.de"]
[Date "2006.02.06"]
[Round "22"]
[White "cabe"]
[Black "PhilipKaveny"]
[WhiteElo "1438"]
[BlackElo "1379"]
[PlyCount "61"]
[Result "1-0"]

1.e4 {Hello again. You'll understand, i I hope, 
that 'revenge' is the word for me!}  c5 {Hello 
Again A pleasure to play you}  2.a3 g6 3.Bc4 e6 
4.b4 Bg7 5.Nc3 Nf6 6.e5 Nh5 7.Nf3 Qc7 8.Nb5 Qd8 
9.Nd6+ Kf8 10.bxc5 Qc7 11.d4 Nc6 12.O-O b6 13.g4 
bxc5 14.dxc5 Nxe5 15.Nxe5 {Well, I thoght this one 
over (unlike 14.d4xc5, which I never should have 
taken!)}  Bxe5 {I respond almost immediately What 
a position}  16.gxh5 {... the original plan ...}  
Qxc5 {Bon Chance}  17.Qf3 Qxd6 18.Qxa8 Ke7 19.Rb1 
Ba6 20.Bg5+ f6 21.Qxh8 Bxh2+ 22.Kh1 fxg5 23.Qxh7+ 
Kd8 24.Qg8+ Ke7 {(offering draw)}  25.Qg7+ {I'm 
sorry; I very much think I'm winning}  Kd8 {of 
course you are and deserve a win}  26.Qf6+ Kc7 
27.Bxa6 Qxa6 28.Kxh2 Qd6+ 29.Kg1 Qf4 30.Qxf4+ gxf4 
31.hxg6 1-0

[Event "HCL-B3835"]
[Site "www.playchess.de"]
[Date "2006.02.06"]
[Round "17"]
[White "PhilipKaveny"]
[Black "King_Slayer"]
[WhiteElo "1353"]
[BlackElo "1273"]
[PlyCount "82"]
[Result "0-1"]

1.e4 {Sorry I am a mere pawn in the game of life}  
e6 {lol; Hi and Good Luck}  2.d4 d5 3.e5 c5 4.c3 
Nc6 5.Nf3 Qb6 6.Bd3 cxd4 7.O-O dxc3 8.Nxc3 Bc5 
9.Na4 Qa5 10.a3 Be7 11.b4 Qc7 12.b5 Nxe5 13.Nxe5 
Qxe5 14.Bb2 d4 15.Re1 Qd6 16.Qg4 Bf6 17.Rac1 Ne7 
18.Nc5 e5 19.Qe2 O-O 20.Ne4 Qb6 21.a4 Bf5 22.a5 
Qxa5 23.Nxf6+ gxf6 24.Bxf5 Nxf5 25.Qg4+ Ng7 26.h4 
Qxb5 27.h5 h6 28.Rcb1 Rad8 29.Ba3 Qd7 30.Qxd7 Rxd7 
31.Bxf8 Kxf8 32.g4 a6 33.Rb6 Ne6 34.Reb1 Nc5 
35.Rxf6 d3 36.Kf1 d2 37.Ke2 Ne4 38.Rxh6 Nc3+ 
39.Ke3 Nxb1 40.Rh8+ {(offering draw) You would'nt 
consider giving a draw to a fellow Irishman :) I 
will resign pretty soon}  Ke7 {Your right, I 
wouldn't :)}  41.Rh7 {Thats okay I have a contract 
om your other games}  d1Q {<G>} 
 0-1

[Event "HCL-A2564"]
[Site "www.playchess.de"]
[Date "2006.02.06"]
[Round "23"]
[White "PhilipKaveny"]
[Black "Matu"]
[WhiteElo "1379"]
[BlackElo "1495"]
[PlyCount "86"]
[Result "0-1"]

1.e4 c6 2.d4 d5 3.exd5 cxd5 4.Nf3 Nf6 5.Bd3 Nc6 
6.O-O e6 7.c3 Bd6 8.Re1 O-O 9.Bg5 h6 10.Bd2 Bd7 
11.Na3 Bxa3 12.bxa3 b6 13.Rc1 Na5 14.h3 Rc8 15.Ne5 
Nc4 16.Nxc4 dxc4 17.Bc2 Bc6 18.Bf4 Nd5 19.Bxh6 
gxh6 20.Bb1 Qg5 21.Re4 Nf6 22.f4 Qg3 23.Re2 Bf3 
24.Qf1 Bxe2 25.Qxe2 Nd5 26.Qe4 Qe3+ 27.Qxe3 Nxe3 
28.Be4 Nd5 29.f5 Rfe8 30.g4 exf5 31.Bxd5 fxg4 
32.Rf1 Rc7 33.Rf6 gxh3 34.Rxh6 Re3 35.Rg6+ Kh7 
36.Rf6 Kg7 37.Rf2 Rxc3 38.Be4 Rxa3 39.Rh2 Rd7 
40.Bf5 Rxd4 41.Bxh3 Rd1+ 42.Bf1 Rf3 43.Rg2+ 
Kf6 0-1

[Event "HCL-A2564"]
[Site "www.playchess.de"]
[Date "2006.02.06"]
[Round "36"]
[White "PhilipKaveny"]
[Black "GCP"]
[WhiteElo "1379"]
[BlackElo "1413"]
[PlyCount "103"]
[Result "0-1"]

1.e4 {Hello}  d6 {hi again, have a good 
tournament}  2.g3 {Sounds Good to me}  Nf6 3.d3 g6 
4.Bg2 Bg7 5.Nf3 Bg4 6.O-O Nc6 7.c3 Qd7 8.Nbd2 Bh3 
9.Re1 O-O-O 10.Ng5 Bxg2 11.Kxg2 Rdf8 12.Nf1 {:(}  
h6 {;) .. I'd like to remain with two rooks still 
for a little time}  13.Nh3 {And  I would rather 
not  be mated in  a pawn storm by the way I got 
promotted to class A}  e5 {and you're going to win 
also the HCL-B3759 ...}  14.f4 {It is strange to 
think about  improving at my age but I am}  Nh7 
{for a lot of things and especially playing chess 
there's no age limit to learn something good}  
15.a4 g5 16.f5 d5 17.b4 dxe4 {you've began now 
also on Queen side ;))}  18.dxe4 Qxd1 19.Rxd1 Nf6 
20.Nf2 g4 21.Ba3 Rfd8 22.b5 Na5 23.Ne3 {This is a 
bit like dancing sorry If I step on your foot}  h5 
{don't worry : I'm wearing big boots :))}  24.Be7 
Rde8 25.Bxf6 Bxf6 26.Nd5 Bg5 {... and good night ! 
:))}  27.h4 gxh3+ 28.Nxh3 Bd8 29.Rac1 Nc4 30.Kf3 
Nb2 31.Rd2 Nxa4 32.Ra1 {taking that pawn may lead 
to indigestion, for one of us}  Nc5 {it was 
stuffed with red peppers}  33.Rxa7 b6 34.Rda2 h4 
35.R7a8+ Kd7 36.R2a7 {I thing g4 is too slow I 
think therefore I lose}  Kd6 {it's really an 
interesting position and your attack is not yet 
finished !}  37.g4 {But I may be :(}  Rhg8 38.R7a1 
{I forced a draw with froilio it is pretty funny}  
c6 {and a good victory with Andy1 ...}  39.bxc6 
Kxc6 40.R1a7 {Thanx you for that I have slipped on 
some others,. I may regret this}  Nxe4 41.Kxe4 
Rxg4+ 42.Ndf4 exf4+ 43.Kd3 {This was very nice on 
your part I just totally fell for it. I never like 
to lose but well done. As soon as I win two more 
games I will resign}  Rg3+ {thks and don't be in a 
hurry ... there's always time to resign :))}  
44.Kc4 {If I did'nt like  I would hate you :)}  
Rxh3 {...in any case it is a nice game ;)}  
45.Rc8+ Kd6 46.Rxf7 Rhe3 47.Rh7 f3 48.Rh6+ Ke5 
49.f6 Rf8 {I'm sorry ... it seems this will be my 
best game in this tournament ... I've wrong a lot 
in the other games !}  50.f7 {That's a good word 
for it I will take time afterwards to look at the 
critical position in our game. I don't think I 
went wrong so much but got out played}  f2 {I'll 
try to annotate it ...}  51.Rh5+ Kf6 
52.Rc6+ 0-1

[Event "HCL-A2586"]
[Site "www.playchess.de"]
[Date "2006.02.06"]
[Round "15"]
[White "MimiSiku"]
[Black "GCP"]
[WhiteElo "1457"]
[BlackElo "1446"]
[PlyCount "28"]
[Result "0-1"]

1.e4 {Hello! Nice to meet you again.}  d6 {I'm 
sure you're happy to meet me ;))
have a good game}  2.d4 {Why smiling? Each game is 
other!}  Nf6 {I'm agree with you ... and it's sure 
I will do my best ! I was jocking}  3.Nc3 g6 4.Bc4 
Bg7 5.Nge2 Nxe4 6.Nxe4 d5 7.Bxd5 Qxd5 8.f3 O-O 
9.b3 Rd8 10.Be3 b6 11.O-O c5 12.dxc5 Bxa1 13.Qxa1 
Bf5 14.Rd1 Qxd1+ 0-1

[Event "HCL-B3719"]
[Site "www.playchess.de"]
[Date "2006.02.06"]
[Round "3"]
[White "Wurstowski"]
[Black "ciceradecarvalho"]
[WhiteElo "925"]
[BlackElo "1316"]
[PlyCount "85"]
[Result "1-0"]

1.e4 e5 2.Nf3 Nc6 3.Bb5 a6 4.Ba4 Nf6 5.d3 h6 6.O-O 
d6 7.Be3 Bd7 8.Nc3 Be7 9.a3 O-O 10.h3 Nh7 11.Bb3 
Na5 12.Nd5 Nxb3 13.cxb3 Be6 14.Nxe7+ Qxe7 15.Nd2 
f5 16.b4 fxe4 17.Nxe4 Nf6 18.f3 b6 19.Qe2 d5 
20.Nxf6+ Rxf6 21.d4 e4 22.fxe4 dxe4 23.Rxf6 Qxf6 
24.Rf1 Qg6 25.Kh2 b5 26.Rf4 Rf8 27.Qf2 Rxf4 
28.Qxf4 c6 29.Qb8+ Kh7 30.Qb6 Bd5 31.Qxa6 Qf5 
32.Qb6 Qf1 33.Qc7 Qe2 34.Qf4 Qxb2 35.Qf5+ Kh8 
36.Qc8+ Bg8 37.Qxc6 Qxa3 38.Qxe4 Qxb4 39.Qe5 Kh7 
40.d5 Qc4 41.Bd4 Kg6 42.Qxg7+ Kf5 
43.Qg4+ 1-0

[Event "HCL-M869"]
[Site "www.playchess.de"]
[Date "2006.02.06"]
[Round "3"]
[White "Vince"]
[Black "richard"]
[WhiteElo "1744"]
[BlackElo "1794"]
[PlyCount "58"]
[Result "1/2-1/2"]

1.d4 {Happy new year}  f5 {may it be a good one}  
2.g3 Nf6 3.Bg2 g6 4.Nf3 Bg7 5.c4 O-O 6.O-O d6 
7.Nc3 c6 8.h3 h6 9.Re1 Nbd7 10.e4 fxe4 11.Nxe4 
Nxe4 12.Rxe4 e5 13.dxe5 dxe5 14.Be3 Qc7 15.Qd2 Nf6 
16.Rxe5 Ng4 17.Re4 Nxe3 18.Rxe3 Bf5 19.Rae1 Rad8 
20.Qe2 Qd6 21.Bf1 g5 22.Ne5 Qd2 23.Qxd2 Rxd2 24.g4 
Bc2 25.Nf3 Rd1 26.Rxd1 Bxd1 27.Ne5 Re8 28.Nd3 Kf7 
29.Nc5 Rxe3 {(offering draw) I forsee bishops of 
opposite colors so your one pawn will not be 
enough}  1/2-1/2

[Event "HCL-C4001"]
[Site "www.playchess.de"]
[Date "2006.02.06"]
[Round "6"]
[White "Farquhart"]
[Black "Kannsnich"]
[WhiteElo "373"]
[BlackElo "1144"]
[PlyCount "66"]
[Result "0-1"]

1.e4 c6 2.d4 d5 3.Nc3 dxe4 4.Nxe4 Nd7 5.Nf3 Ngf6 
6.Nxf6+ Nxf6 7.Ng5 Bg4 8.f3 Bf5 9.Bc4 e6 10.Bf4 
Nd5 11.Bd2 Be7 12.h4 O-O 13.g4 Bg6 14.h5 Bxc2 
15.Qxc2 Bxg5 16.Qe4 Bxd2+ 17.Kxd2 Qg5+ 18.f4 Qxf4+ 
19.Kd3 Nb4+ 20.Kc3 Qxe4 21.Kxb4 Rad8 22.Rhe1 Qxg4 
23.Rad1 Rxd4 24.Rxd4 Qxd4 25.Rc1 Qd2+ 26.Rc3 Qxb2+ 
27.Rb3 Qxb3+ 28.Kxb3 Rd8 29.Kc3 Kf8 30.a3 e5 
31.Bd3 Rxd3+ 32.Kxd3 f5 33.Ke3 
g6 0-1

[Event "HCL-A2580"]
[Site "www.playchess.de"]
[Date "2006.02.06"]
[Round "9"]
[White "Mr_Bill"]
[Black "Kinslayer"]
[WhiteElo "1650"]
[BlackElo "1723"]
[PlyCount "39"]
[Result "1/2-1/2"]

1.d4 f5 2.Bg5 h6 3.Bf4 d6 4.e4 Nf6 5.e5 dxe5 
6.Bxe5 e6 7.Nd2 c5 8.Ngf3 a6 9.Nc4 Nc6 10.dxc5 
Qxd1+ 11.Rxd1 Bxc5 12.c3 b5 13.Nd6+ Ke7 14.Bxf6+ 
gxf6 15.Nxc8+ Raxc8 16.Be2 Rcd8 17.O-O Ne5 18.Nxe5 
fxe5 19.b4 Bb6 20.c4 {(offering draw) I think I 
have a slight positional advantage, but with the 
equal pieces, I doubt I can push it to a win.} 
 1/2-1/2

[Event "HCL-B3858"]
[Site "www.playchess.de"]
[Date "2006.02.06"]
[Round "8"]
[White "IRONMAIDEN"]
[Black "evets"]
[WhiteElo "1206"]
[BlackElo "1392"]
[PlyCount "49"]
[Result "1-0"]

1.e4 e5 2.Bc4 c6 3.d3 d5 4.exd5 cxd5 5.Bb3 Nf6 
6.Bg5 Be7 7.Ne2 O-O 8.O-O Be6 9.Nd2 Nbd7 10.Nf3 
Rc8 11.c3 e4 12.dxe4 dxe4 13.Nfd4 Bxb3 14.Qxb3 b6 
15.Kh1 Nc5 16.Qc2 Nd5 17.Bxe7 Qxe7 18.Ng3 e3 19.f3 
Rfe8 20.Nde2 Rc6 21.Rad1 Nc7 22.Rd4 Rh6 23.Nf5 
Rxh2+ 24.Kxh2 N7e6 25.Nxe7+ 1-0

[Event "HCL-A2554"]
[Site "www.playchess.de"]
[Date "2006.02.06"]
[Round "22"]
[White "Wernswig"]
[Black "CYTO"]
[WhiteElo "1416"]
[BlackElo "1248"]
[PlyCount "57"]
[Result "1/2-1/2"]

1.e4 {hi, good luck}  c5 {hi and good luck to you} 
 2.f4 e6 3.Nf3 d5 4.Nc3 dxe4 5.Nxe4 Nd7 6.Bc4 Ngf6 
7.d3 b6 8.O-O Be7 9.Nfg5 O-O 10.c3 Bb7 11.Qb3 Bd5 
12.f5 Bxc4 13.Qxc4 Ne5 14.Qb3 Nxd3 15.fxe6 Nxc1 
16.exf7+ Kh8 17.Raxc1 Qd3 18.Nxf6 Qe3+ 19.Kh1 Qxg5 
20.Nd5 Rxf7 21.Nxe7 Rxe7 22.Qc4 Rae8 23.h4 Qg6 
24.Qf4 h6 25.Rf2 R7e4 26.Qc7 R4e7 27.Qf4 R7e4 
28.Qc7 R4e7 29.Qf4 {(offering draw)} 
 1/2-1/2

[Event "HCL-T256"]
[Site "www.playchess.de"]
[Date "2006.02.06"]
[Round "15"]
[White "luciano59"]
[Black "gsmaior"]
[WhiteElo "2261"]
[BlackElo "2001"]
[PlyCount "71"]
[Result "1-0"]

1.e4 e5 2.f4 d5 {we are playing again...greetings 
from Brazil, a nice game to you !}  3.exd5 {hi 
friend and good game from Italy (Massa Marittima)} 
 c6 4.Nc3 exf4 5.Bc4 Qh4+ 6.Kf1 f3 7.d3 fxg2+ 
8.Kxg2 Bb4 9.h3 Bxc3 10.bxc3 cxd5 11.Nf3 Qh5 
12.Ng5 Bxh3+ 13.Nxh3 Qg6+ 14.Kh2 dxc4 15.Rg1 Qf5 
16.Qe2+ Ne7 17.Rxg7 Nbc6 18.Ba3 Qf6 19.Rg3 cxd3 
20.cxd3 Rd8 21.Rf1 Qh6 22.Bxe7 Nxe7 23.Qe5 Rf8 
24.Rf6 Qd2+ 25.Rg2 Qxd3 26.Nf4 Qc4 27.Re2 Rd7 
28.Qb8+ Rd8 29.Qxb7 Rd7 30.Qb8+ Rd8 31.Qxa7 Rd7 
32.Qa8+ Rd8 33.Qa3 Qc7 34.Qa4+ Rd7 35.Rc6 Qb8 
36.Ra6 1-0

[Event "HCL-A2580"]
[Site "www.playchess.de"]
[Date "2006.02.06"]
[Round "8"]
[White "leyima"]
[Black "Mr_Bill"]
[WhiteElo "1317"]
[BlackElo "1650"]
[PlyCount "20"]
[Result "0-1"]

1.e4 e6 2.Nf3 c5 3.Bc4 d5 4.exd5 exd5 5.Qe2+ Be7 
6.Bb5+ Nc6 7.Bxc6+ bxc6 8.Ne5 Bb7 9.Qh5 g6 10.Qf3 
Bf6 0-1

[Event "HCL-C4103"]
[Site "www.playchess.de"]
[Date "2006.02.06"]
[Round "3"]
[White "Grunert"]
[Black "Skipper_Robert"]
[WhiteElo "993"]
[BlackElo "1017"]
[PlyCount "76"]
[Result "0-1"]

1.d4 d5 2.e3 Nc6 3.Nf3 Nf6 4.Nc3 e6 5.g3 h6 6.Bg2 
a6 7.O-O Bb4 8.Bd2 Ne4 9.Nxe4 dxe4 10.Ne1 e5 
11.dxe5 Bxd2 12.Bxe4 Bxe1 13.Qxd8+ Kxd8 14.Rfxe1 
Nxe5 15.Rad1+ Nd7 16.Bf5 Ke8 17.Be4 Rb8 18.Bg2 c6 
19.Re2 Nf6 20.Red2 Be6 21.a3 Ke7 22.f4 Ng4 23.e4 
g6 24.h3 Ne3 25.Re1 Nc4 26.Rd3 Nxb2 27.Rd2 Rhd8 
28.Rxd8 Rxd8 29.Rb1 Rd1+ 30.Rxd1 Nxd1 31.Kf1 Ne3+ 
32.Kf2 Nxc2 33.a4 a5 34.Kf3 Ne1+ 35.Kf2 Nd3+ 
36.Ke3 Bc4 37.Bf1 Nb2 38.Bxc4 Nxc4+ 0-1

[Event "HCL-C4103"]
[Site "www.playchess.de"]
[Date "2006.02.06"]
[Round "9"]
[White "JMD"]
[Black "Skipper_Robert"]
[WhiteElo "1293"]
[BlackElo "1017"]
[PlyCount "67"]
[Result "1-0"]

1.d4 {hello again}  d5 {once more}  2.e4 dxe4 
3.Nc3 f5 4.Bf4 a6 5.f3 exf3 6.Nxf3 e6 7.Bc4 Bd6 
8.Ne5 Qf6 9.O-O c6 10.a4 Ne7 11.Qd2 O-O 12.Bg5 
Qxe5 13.dxe5 Bc5+ 14.Be3 Nd7 15.Bxc5 Nxc5 16.Qd6 
b5 17.axb5 cxb5 18.Qxc5 Ng6 19.Qc6 Ra7 20.Bxe6+ 
Kh8 21.Bxc8 Rd8 22.Rxf5 b4 23.Na4 a5 24.Nc5 Ne7 
25.Qb6 Rad7 26.Nxd7 Rxd7 27.Rf8+ Ng8 28.Bxd7 b3 
29.cxb3 h5 30.Qe6 Kh7 31.Qxg8+ Kg6 32.Bf5+ Kg5 
33.Qxg7+ Kh4 34.Qe7+ 1-0

[Event "HCL-C4104"]
[Site "www.playchess.de"]
[Date "2006.02.06"]
[Round "9"]
[White "epenz"]
[Black "Maneco"]
[WhiteElo "1004"]
[BlackElo "1161"]
[PlyCount "80"]
[Result "0-1"]

1.e4 {oi
}  e5 {Boa sorte amigo!}  2.Nf3 Nf6 3.d3 {para 
voce tambem}  Bc5 4.h3 d5 5.Bd2 Nc6 6.Nc3 O-O 
7.Be2 d4 8.Na4 b6 9.c3 Bd7 10.O-O Na5 11.b4 dxc3 
12.Bxc3 Bd4 13.Bxd4 exd4 14.Nb2 Nc6 15.a3 a6 
16.Qd2 Qe8 17.Rfc1 Qc8 18.a4 Bxh3 19.b5 axb5 
20.axb5 Qg4 21.g3 Nh5 22.Nxd4 Qd7 23.Nxc6 Rxa1 
24.Rxa1 Bg4 25.f3 Qd6 26.e5 Qc5+ 27.Kg2 Bd7 28.d4 
Qd5 29.Rc1 Bxc6 30.bxc6 g6 31.g4 Ng7 32.Nd1 Ne6 
33.Ne3 Qd8 34.Kg3 Nxd4 35.f4 Nf5+ 36.Kf3 Qxd2 
37.Rc2 Nd4+ 38.Kf2 Nxc2 39.Nxc2 Qxc2 40.Kg3 
Qxe2 0-1

[Event "HCL-M892"]
[Site "www.playchess.de"]
[Date "2006.02.06"]
[Round "8"]
[White "truhart"]
[Black "bobp"]
[WhiteElo "1790"]
[BlackElo "1861"]
[PlyCount "29"]
[Result "1-0"]

1.e4 {Good luck}  d6 {Have a good game.}  2.d4 Nf6 
3.Nc3 c6 4.f4 Qa5 5.Bd3 Qb6 6.Nf3 Bg4 7.Be2 e6 
8.h3 Bxf3 9.Bxf3 Be7 10.Qd3 Na6 11.Be3 O-O 12.O-O 
Nb4 13.Qd2 Rfd8 14.d5 cxd5 15.Bxb6 1-0

[Event "HCL-A2418"]
[Site "www.playchess.de"]
[Date "2006.02.06"]
[Round "25"]
[White "tiit145"]
[Black "kali"]
[WhiteElo "1572"]
[BlackElo "1373"]
[PlyCount "69"]
[Result "1-0"]

1.e4 e5 2.b3 Nf6 3.Bb2 Nc6 4.Nc3 Bb4 5.f3 d6 6.Nd5 
Nxd5 7.exd5 Ne7 8.Bb5+ Bd7 9.Bxd7+ Qxd7 10.c3 Ba5 
11.b4 Bb6 12.d4 exd4 13.Ne2 dxc3 14.Bxc3 O-O 
15.Bd4 c5 16.dxc6 bxc6 17.O-O Nf5 18.Bxb6 axb6 
19.Qb3 d5 20.Rfd1 Rae8 21.Nf4 Ne3 22.Rde1 Nc4 
23.Qc3 {Hello!Happy New Year! Tiit}  Qf5 24.Nd3 h6 
25.Nb2 Nxb2 26.Qxb2 Re6 27.Re2 Rfe8 28.Rae1 R6xe2 
29.Rxe2 Rxe2 30.Qxe2 Kf8 31.Qa6 Qb1+ 32.Kf2 Qxb4 
33.Qc8+ Ke7 34.Qc7+ Kf8 35.Qd8+ 1-0

[Event "HCL-C4076"]
[Site "www.playchess.de"]
[Date "2006.02.06"]
[Round "3"]
[White "Nutz"]
[Black "Milosforman"]
[WhiteElo "1088"]
[BlackElo "928"]
[PlyCount "59"]
[Result "1-0"]

1.e4 {Hello}  c5 2.Bc4 e6 3.d4 d6 4.d5 e5 5.Bb5+ 
Bd7 6.Qg4 h5 7.Bxd7+ Qxd7 8.Qf3 Nf6 9.Bg5 Be7 
10.h3 h4 11.Nc3 Rh5 12.Bxf6 Bxf6 13.Qxh5 g6 14.Qf3 
Qe7 15.Qg4 Nd7 16.Nb5 Qd8 17.Nxd6+ Kf8 18.Nxb7 Qb6 
19.Qxd7 Qb4+ 20.c3 Qxe4+ 21.Ne2 Qxg2 22.Rg1 Qh2 
23.Qd6+ Be7 24.Qc6 Qxh3 25.Nxc5 Rc8 26.Nd7+ Kg7 
27.Qxc8 Qd3 28.Nxe5 Qe4 29.Qc7 Qxd5 
30.Qxe7 1-0

[Event "HCL-C4112"]
[Site "www.playchess.de"]
[Date "2006.02.06"]
[Round "8"]
[White "Henri"]
[Black "donsimon"]
[WhiteElo "797"]
[BlackElo "1030"]
[PlyCount "102"]
[Result "0-1"]

1.e4 {Bonjour et Bonne partie}  e5 {bonjour et 
bonne partie à vous!}  2.Nf3 Nc6 3.Bc4 Nf6 4.Nc3 
d6 5.O-O g6 6.d3 Bg7 7.Be3 b6 8.d4 exd4 9.Nxd4 Bb7 
10.a3 O-O 11.Nxc6 Bxc6 12.f3 Bd7 13.b4 a5 14.b5 
Nh5 15.Ne2 Bxa1 16.Qxa1 c6 17.bxc6 Bxc6 18.Nd4 Bd7 
19.c3 Rb8 20.a4 Rc8 21.Bd3 Nf6 22.f4 Ng4 23.Bd2 
Qh4 24.Nf3 Qf6 25.h3 Nh6 26.e5 dxe5 27.c4 Qd6 
28.Nxe5 Bf5 29.Bxf5 Nxf5 30.Nf3 Rxc4 31.Bc3 Qc5+ 
32.Kh1 Rxc3 33.Kh2 h5 34.Ng5 Re8 35.Qa2 Re7 36.Re1 
Rce3 37.Rf1 R3e1 38.Rxe1 Ne3 39.Nf3 Qc7 40.g3 Qc3 
41.Qb1 Nd5 42.Rxe7 Nxe7 43.Ng5 Qc6 44.Qa2 Qf6 
45.Ne4 Qf5 46.Ng5 Kg7 47.Qb2+ f6 48.Nf3 Qe4 49.Qb3 
Qe2+ 50.Kh1 Nf5 51.Qxb6 Qxf3+ 0-1

[Event "HCL-C4123"]
[Site "www.playchess.de"]
[Date "2006.02.06"]
[Round "9"]
[White "Skipper_Robert"]
[Black "tbouma"]
[WhiteElo "968"]
[BlackElo "1165"]
[PlyCount "60"]
[Result "0-1"]

1.d4 d5 2.Nc3 Nf6 3.e3 Bf5 4.Nf3 Bg4 5.Be2 e6 
6.Qd3 Bd6 7.h3 Bf5 8.Qd2 Ne4 9.Nxe4 Bxe4 10.c4 Nc6 
11.cxd5 Bb4 12.dxc6 Bxd2+ 13.Bxd2 {oh, I Am 
sleeping}  bxc6 14.Ne5 Qb8 15.b3 O-O 16.f3 Bg6 
17.Nd7 Qd8 18.Nxf8 Qxf8 19.Rc1 Qa3 20.O-O Qxa2 
21.Rfd1 Bc2 22.Rca1 Qxb3 23.Rdf1 Bd3 24.Bd1 Qb2 
25.Ba4 Qxd2 26.Bxc6 Rb8 27.Rxa7 Qxe3+ 28.Kh2 Bxf1 
29.Rxc7 Qf2 30.d5 Qxg2+ 0-1

[Event "HCL-M880"]
[Site "www.playchess.de"]
[Date "2006.02.06"]
[Round "3"]
[White "suffix"]
[Black "Hassell"]
[WhiteElo "2178"]
[BlackElo "2229"]
[PlyCount "43"]
[Result "1/2-1/2"]

1.d4 {Hi again !}  Nf6 {Hi, look forward to 
another interesting game.}  2.Bf4 d6 3.Nc3 c6 4.f3 
Nbd7 5.e4 g6 6.Qd2 Bg7 7.Bh6 O-O 8.O-O-O b5 9.h4 
Qa5 10.h5 b4 11.Nb1 Qxa2 12.hxg6 fxg6 13.Bxg7 Kxg7 
14.Qh6+ Kf7 15.Nh3 Ke8 16.Ng5 Nb6 17.Nxh7 Nxh7 
18.Qxg6+ Kd8 19.Rxh7 Na4 20.Qg7 Qxb2+ 21.Kd2 Re8 
22.Bc4 {(offering draw) Thanks for good game !} 
 1/2-1/2

[Event "HCL-C3968"]
[Site "www.playchess.de"]
[Date "2006.02.06"]
[Round "18"]
[White "cla114"]
[Black "garden"]
[WhiteElo "869"]
[BlackElo "1128"]
[PlyCount "104"]
[Result "0-1"]

1.e4 e5 2.Nf3 d6 3.Bc4 Bg4 4.O-O Nf6 5.d4 Nxe4 
6.Be2 Qf6 7.dxe5 dxe5 8.Bg5 Qd6 9.Nc3 Bxf3 10.Bxf3 
f5 11.Nxe4 Qxd1 12.Raxd1 Nc6 13.Nc3 Nd4 14.Bxb7 
Rb8 15.Bd5 h6 16.Bh4 g5 17.Bg3 f4 18.Bxf4 gxf4 
19.Bc6+ Nxc6 20.Rd5 Bd6 21.Nb5 Rb7 22.a4 Nb4 
23.Rd2 a6 24.Nc3 Nc6 25.b3 Bb4 26.Rd3 Bxc3 27.Rxc3 
Nd4 28.Re1 f3 29.Rxe5+ Kf7 30.Kf1 fxg2+ 31.Kxg2 
Rg8+ 32.Kf1 Kf6 33.f4 c6 34.Rh3 Nf5 35.Rh5 Ne7 
36.Rxh6+ Rg6 37.Rh7 Rg7 38.Rh6+ Kf7 39.f5 Nd5 
40.c4 Nf6 41.h4 Ng4 42.Rhe6 Nxe5 43.Rxe5 Rxb3 
44.Re2 Rb4 45.Re6 Rxc4 46.a5 Rf4+ 47.Ke2 Rg2+ 
48.Ke3 Rxf5 49.Ke4 Kxe6 50.Ke3 Rxa5 51.Kf3 Rg8 
52.h5 Rxh5 0-1

[Event "HCL-A2564"]
[Site "www.playchess.de"]
[Date "2006.02.06"]
[Round "20"]
[White "froilo"]
[Black "Andy1"]
[WhiteElo "1414"]
[BlackElo "1488"]
[PlyCount "55"]
[Result "1-0"]

1.Nf3 d5 2.b3 Nc6 3.Bb2 Bg4 4.e3 e5 5.Be2 Bd6 
6.Nc3 Nf6 7.h3 Bf5 8.O-O O-O 9.Nh2 a6 10.d3 Qd7 
11.Ng4 Nxg4 12.Bxg4 Bxg4 13.Qxg4 Qxg4 14.hxg4 Ne7 
15.g3 f6 16.Kg2 h6 17.Rfh1 Kh7 18.Rh3 c6 19.Na4 b5 
20.Nc3 g5 21.Rah1 Ng8 22.Ne2 Ra7 23.f4 e4 24.Nd4 
Kg6 25.Nf5 Be7 26.Nxh6 Bd8 27.Nxg8 Rxg8 
28.R3h6+ 1-0